000 00911nas a2200289 4500
001 BR2017001123
003 BR-BrBNA
005 20231205130919.0
007 ta
008 230509b bl.|||p| |||| 00| 00por d
040 _aBR-BrBNA
_bpor
_cBiblioteca Nacional de Agricultura
041 _a(En)
072 _aP33
100 1 _aSeben Junior, G. de F.
100 1 _aCorá, J.E.
100 1 _aLal, R.
245 1 _aSoil aggregation according to the dynamics of carbon an nitrogen in soil under different cropping systems
650 _aANÁLISE DO SOLO
650 _aPLANTA DE COBERTURA
650 _aROTAÇÃO DE CULTURA
650 _aMATÉRIA ORGÂNICA
650 _aCARBONO
650 _aNITROGÊNIO
773 0 _tPesquisa Agropecuária Brasileira (Brazil)
_xISSN 0100-204X
_g(Sep 2016), v. 51(9) p. 1652-1659
_wBR2017001123
909 _a202311
_bLúcia
_c55
_dLúcia Elande
942 _2AGRIS
_n0
_cANA
999 _c252009
_d252009